000
00310nam a2200145Ia 4500
100
_a
Botkar/ K.R
650
_a
Electrical Engineering
942
_c
BK
654
_a
Circuits
245
_a
Integrated circuits
260
_b
Khanna pub.
_a
Delhi
_c
1987
082
_a
621.3
300
_a
453
546
_a
ENGLISH
999
_c
20972
_d
20972